<?xml version="1.0" encoding="UTF-8"?>
<collection xmlns="http://www.loc.gov/MARC21/slim">
  <record>
    <leader>00000nam  2200000   4500</leader>
    <controlfield tag="001">INLIS000000000003003</controlfield>
    <controlfield tag="005">20190401030241</controlfield>
    <datafield tag="035" ind1="#" ind2="#">
      <subfield code="a">0010-0718003003</subfield>
    </datafield>
    <controlfield tag="008">190401################g##########0#ind##</controlfield>
    <datafield tag="041" ind1=" " ind2=" ">
      <subfield code="a">id</subfield>
    </datafield>
    <datafield tag="082" ind1="#" ind2="#">
      <subfield code="a">.100</subfield>
    </datafield>
    <datafield tag="090" ind1=" " ind2=" ">
      <subfield code="a">100 Bee p</subfield>
    </datafield>
    <datafield tag="100" ind1=" " ind2="#">
      <subfield code="a">Beerling</subfield>
    </datafield>
    <datafield tag="700" ind1=" " ind2="#">
      <subfield code="a">Kwee</subfield>
    </datafield>
    <datafield tag="700" ind1=" " ind2="#">
      <subfield code="a">Mooij</subfield>
    </datafield>
    <datafield tag="700" ind1=" " ind2="#">
      <subfield code="a">Van Peursen</subfield>
    </datafield>
    <datafield tag="245" ind1="1" ind2="#">
      <subfield code="a">Pengantar Filsafat Ilmu /</subfield>
      <subfield code="c">Beerling,</subfield>
    </datafield>
    <datafield tag="250" ind1="#" ind2="#">
      <subfield code="a">ed.1</subfield>
    </datafield>
    <datafield tag="260" ind1="#" ind2="#">
      <subfield code="a">Yogyakarta :</subfield>
      <subfield code="b">Tiara Waana,</subfield>
      <subfield code="c">1970</subfield>
    </datafield>
    <datafield tag="300" ind1="#" ind2="#">
      <subfield code="a">xii; 165 hlm. ;</subfield>
      <subfield code="c">21 cm</subfield>
    </datafield>
    <datafield tag="650" ind1=" " ind2="#">
      <subfield code="a">Filsafat</subfield>
    </datafield>
    <datafield tag="084" ind1="#" ind2="#">
      <subfield code="a">.100 Bee p</subfield>
    </datafield>
    <datafield tag="504" ind1="#" ind2="#">
      <subfield code="a">Yang menjadi ciri pengenal manusia yang berpikir ialah bahwa ia membentuk pengetahuan. Pengetahuan ini diperoleh dengan jalan menghentikan reaksinya yang serta merta dan kemudian berpikir lebih lanjut serta menyelidiki hubungan yang terdapat antara hal-hal yang dihadapinya serta menyelidiki pula sebab-sebab serta alasan-alasan  yang tersembunyi dibalik hal-hal tersebut. Pengetahuan yang diperoleh secara demikian ini pada umumnya memberikan jaminan akan kepastian yang lebih besar, yang lebih tinggi dibandingkan dengan kepastian hayati yang dipunyai oleh hewan yang mengadakan reaksi secara naluriah.</subfield>
    </datafield>
    <datafield tag="990" ind1="#" ind2="#">
      <subfield code="a">24364</subfield>
    </datafield>
    <datafield tag="990" ind1="#" ind2="#">
      <subfield code="a">24364</subfield>
    </datafield>
  </record>
</collection>
